00780nam a22002297a 450000500170000001000130001702000230003003500130005303700160006604000120008208200150009410000240010924500870013326000330022027000420025330000210029565000260031665000320034294200240037499900190039895201330041720170124110224.0 aB-045775 c595.00a8185070768 aB-045775 bCen Lib/Ret aDPLbEN a028.1bKHA aKhanna, J. K.96029 aDocumentation and information, services, systems and techniques /cby J. K. Khanna aAgra bY.K. Publishersc2000 aBlock-77, Sanjay PlacebAgra e282002 a359p. c22cm(Hb) aDocumentation9107317 aInformation science9107318 2ddccENh028.1mKHA c134324d134324 001040718REFaLbLd2015-07-29eCen Lib/Ret g595.00l0o028.1 KHApB-045775r2015-07-29 00:00:00t1v595.00w2015-07-29yEN